000 00528cam a22002051 4500
001 he 68001847
003 DLC
005 20260227111459.0
008 841029s1967 is j 000 0 heb
010 _ahe 68001847
035 _a(OCoLC)19195735
040 _aDLC
_cMH
_dDLC
042 _apremarc
050 0 0 _aPZ90.H3
_bS16
100 1 _aSadeh, ʻEzra.
245 1 0 _aMasakh ha-tekhelet :
_bsipurim li-yeladim.
260 _aTel Aviv :
_bDaʻat,
_c[1967]
300 _a159 p. :
_bill. ;
_c25 cm.
752 _aIsrael
_dTel Aviv
999 _c33416
_d33416